000 02609cam a2200457 i 4500
999 _c118621
_d118621
001 18821231
003 BJBSDDR
005 20230411090916.0
007 ta
008 151002s2015 fr a b 000 0 fre d
010 _a 2015494270
020 _a9782021279962
020 _a2021279960
035 _a(OCoLC)ocn925890784
040 _aEMU
_beng
_erda
_cEMU
_dYOU
_dDLC
042 _alccopycat
050 0 0 _aQA76.9.C66
_bC268 2015
100 1 _aCardon, Dominique,
_d1965-
_qDominique Cardon,
245 1 0 _aA quoi rêvent les algorithmes :
_bnos vies à l'heure des big data /
_cDominique Cardon.
260 _aParis:
_bLa République des idées :
_c2015
264 1 _a[Paris] :
_bLa République des idées :
_bSeuil,
_c[2015]
300 _a105 pages :
_billustrations ;
_c21 cm.
336 _atext
_btxt
_2rdacontent
337 _aunmediated
_bn
_2rdamedia
338 _avolume
_bnc
_2rdacarrier
490 1 _aLa République des idées
504 _aIncludes bibliographical references.
505 0 0 _tIntroduction --
_tComprendre la révolution des calculs --
_tChiffrer le monde --
_tOuvrir la boîte noire --
_g1.
_tQuatre familles de calcul numérique --
_tÀ côté du web : l'imprécise popularité des clics --
_tAu-dessus du web : l'autorité des méritants --
_tÀ l'intérieur du web : la fabrique de la réputation --
_tAu-dessous du web : la prédiction par les traces --
_g2.
_tLa révolution dans les calculs --
_tLa manipulation du réel --
_tLe débordement des catégories --
_tCalculer au plus près --
_tCorrélations sans causes --
_g3.
_tLes signaux et les traces --
_tLes nouveaux gisements de données --
_tDes machines "statistiques" --
_tLe signal et la trace --
_tUn comportementalisme radical --
_tSignaux sans traces et traces sans signaux --
_tLa quantification de soi --
_tLes algorithmes sont-ils biaisés? --
_tL'"idiotie" des algorithmes --
_g4.
_tLa société des calculs --
_tLa "tyrannie du centre" --
_tLa coordination virale de l'attention --
_tLa sécession des excellents --
_tDigital labor --
_t"Passer en manuel" --
_tConclusion : La route et le paysage.
650 0 _aBig data
_xSocial aspects.
650 0 _aData mining
_xSocial aspects.
650 0 _aAlgorithms
_xSocial aspects.
650 0 _aCalculus
_xSocial aspects.
650 0 _aInternet
_xSocial aspects.
650 0 _aInformation technology
_xSocial aspects.
650 0 _aComputers and civilization.
830 0 _aRépublique des idées.
906 _a7
_bcbc
_ccopycat
_d3
_encip
_f20
_gy-gencatlg
942 _2lcc
_cBK